The New-York pocket almanack, for the year 1766 : ... Calculated for the use of the province of New-York, and the neighbouring provinces. /

Bibliographic Details
Other Authors: Hutchins, John Nathan, 1700 or 1701-1782
Format: eBook
Language:English
Series:Early American imprints. Evans (1639-1800) ; no. 10077.
Subjects:
Online Access:Evans Digital Edition

MARC

Tag First Indicator Second Indicator Subfields
LEADER 00000cam a2200000 a 4500
001 in00002152607
006 m e d #
007 cr mn mmmmabba
008 840614s1765 nyu s 000 0 eng d
005 20260330214421.5
035 |z w032554 
035 |a MAAR8406141005B 
035 |9 mwa91-25677 
035 |a 324831 
035 |a aas03032554 
040 |a MWA  |c MWA  |e bdrb  |d UtOrBLW 
245 0 4 |a The New-York pocket almanack, for the year 1766 :  |b ... Calculated for the use of the province of New-York, and the neighbouring provinces. /  |c By Richard Moore, philo. 
264 3 |a New-York :  |b Printed and sold by and for H. Gaine, at the Bible & Crown, in Hanover-Square,  |c [1765] 
300 |a 60 unnumbered pages ;  |c 11 cm. (duodecimo and 18mo) 
336 |a text  |b txt  |2 rdacontent 
337 |a computer  |b c  |2 rdamedia 
338 |a online resource  |b cr  |2 rdacarrier 
500 |a "Richard Moore" is a pseudonym. The actual calculator was John Nathan Hutchins, the author of Hutchin's [sic] improved, being an almanack ... for 1766, also published by Gaine. The third column on the calendar pages, including astrological aspects and weather predictions, duplicates that in Hutchin's improved almost entirely. The calculations for sunrise are identical, and the eclipse predictions are an abbreviated version. 
500 |a Advertised in the New York Mercury, Oct. 28, 1765. 
500 |a Bookseller's advertisement, page [18]. 
510 4 |a Evans  |c 10077 
510 4 |a Drake, M. Almanacs,  |c 5771 
530 |a Microform version available in the Readex Early American Imprints series. 
533 |a Electronic text and image data.  |b [Chester, Vt. :  |c Readex, a division of Newsbank, Inc.,  |d 2002-2004.  |e Includes files in TIFF, GIF and PDF formats with inclusion of keyword searchable text.  |f (Early American imprints. First series ; no. 10077). 
500 |a Electronic resource. 
651 0 |a New York (N.Y.)  |v Registers. 
655 7 |a Almanacs  |z New York (State)  |y 1766.  |2 rbgenr 
655 7 |a Booksellers' advertisements  |z New York (State)  |z New York.  |2 rbgenr 
700 1 |a Hutchins, John Nathan,  |d 1700 or 1701-1782. 
752 |a United States  |b New York  |d New York. 
830 0 |a Early American imprints.  |n Series I,  |p Evans (1639-1800) ;  |v no. 10077. 
856 4 1 |u http://proxy.library.tamu.edu/login?url=https://opac.newsbank.com/select/evans/10077  |y Evans Digital Edition  |t 0 
999 |a MARS 
999 f f |s 37013c21-6a9c-3da0-bc93-e2c9d0530806  |i 3d366f9c-97f7-385a-918b-0af428c71fe0  |t 0 
952 f f |a Texas A&M University  |b College Station  |c Electronic Resources  |s www_evans  |d Available Online  |t 0  |h No information provided 
998 f f |t 0  |l Available Online